000 00796nam a2200253Ia 4500
003 OSt
005 20220918173314.0
006 a|||||r|||| 00| 0
007 ta
008 220917b |||||||| |||| 00| 0 eng d
024 _a6,004
037 _cTextual
040 _aARTS
_cARTS
_beng
041 _2eng
_aeng
082 _a2:55, J7-;5 (2D2D)
100 _aMarguerite V Quattlebaum
_945668
110 _aLibrary of congress, processing department cataloging division
_945669
245 0 _aSubject headings used in the dictionary catalogs
260 _c1952
650 _aLIBRARY SCIENCE
700 _aLibrary of congress, processing department cataloging division
_945670
942 _h2:55, J7-;5 (2D2D)
_cTEXL
_2CC
999 _c147993
_d147993